Analytical Chemistry of PCBs

Αποθηκεύτηκε σε:
Λεπτομέρειες βιβλιογραφικής εγγραφής
Κύριος συγγραφέας: Erickson, Mitchell D.
Μορφή: Βιβλίο
Γλώσσα:English
Δημοσίευση: Boca Raton; New York : CRC Lewis Publishers, c1997
Έκδοση:2nd ed.
Θέματα:
Ετικέτες: Προσθήκη ετικέτας
Δεν υπάρχουν, Καταχωρήστε ετικέτα πρώτοι!

MARC

LEADER 00000nam a2200000 i 4500
001 1/16060
008 980717s1997 eng d
020 |a 0-87371-923-9 
035 |l 10020061 
040 |a GR-MY-UA  |b gre  |e aacr 
041 0 |a eng 
082 0 |a 628.52 
100 1 |a Erickson, Mitchell D. 
245 1 0 |a Analytical Chemistry of PCBs /  |c Mitchell D. Erickson 
250 |a 2nd ed. 
260 |a Boca Raton; New York :   |b CRC Lewis Publishers,   |c c1997 
300 |a 667 σ.;  |b εικ.;  |c 26 εκ. 
504 |a Περιέχει βιβλιογραφικές παραπομπές (σ. 449-580) και ευρετήριο 
650 0 0 |a Polychlorinated biphenyls  |x Analysis. 
650 0 0 |a Polychlorinated biphenyls. 
852 |a INST  |b LESVOS  |e 19980717  |h 628.52 ERI  |p 005100013655  |q 005100013655  |t BK  |y 0 
901 |a BIBL-1998-2 
909 |a Λ  |b 058300 
922 |a 1ΕΛΗ  |b 199806  |c ΚΠΣ/ΤΠ  |d ΠΑΠΑΣΩΤΗΡΙΟΥ 
950 |a 107-1998-04-07